书目信息 |
| 题名: |
高危时代与人类文明转型
|
|
| 作者: | 李中元 著 | |
| 分册: | ||
| 出版信息: | 北京 中国社会科学出版社 2013 |
|
| 页数: | 176页 | |
| 开本: | 21cm | |
| 丛书名: | ||
| 单 册: | ||
| 中图分类: | B824.5 | |
| 科图分类: | ||
| 主题词: | 生态文明--研究 , 生态文明 | |
| 电子资源: | ||
| ISBN: | 978-7-5161-3303-3 | |
| 000 | 00823nam0 2200241 450 | |
| 001 | 523 | |
| 005 | 20140905090005.00 | |
| 010 | @a978-7-5161-3303-3@dCNY25.00 | |
| 100 | @a20140227d2013 em y0chiy50 ea | |
| 101 | 0 | @achi@eeng |
| 102 | @aCN@b110000 | |
| 105 | @aa z 000yy | |
| 106 | @ar | |
| 200 | 1 | @a高危时代与人类文明转型@AGao Wei Shi Dai Yu Ren Lei Wen Ming Zhuan Xing@f李中元著@FLi Zhong Yuan Zhu |
| 210 | @a北京@c中国社会科学出版社@d2013 | |
| 215 | @a176页@c图@d21cm | |
| 330 | @a本书除导论外共包括五章,探讨了基于全球化视野的高危时代与文明转型、高危时代全球治理与多元主体参与模式、工业文明的战略转型等内容。 | |
| 606 | 0 | @a生态文明@x研究 |
| 606 | 0 | @a生态文明 |
| 690 | @aB824.5@v5 | |
| 701 | 0 | @a李中元@ALi Zhong Yuan@f(1959~)@4著 |
| 801 | 0 | @aCN@bTANGWEI@c20140603 |
| 905 | @b0839416-18@dB824.5@e533@f3 | |
| 高危时代与人类文明转型/李中元著.-北京:中国社会科学出版社,2013 |
| 176页:图;21cm |
| ISBN 978-7-5161-3303-3:CNY25.00 |
| 本书除导论外共包括五章,探讨了基于全球化视野的高危时代与文明转型、高危时代全球治理与多元主体参与模式、工业文明的战略转型等内容。 |
| ● |
| 相关链接 |
|
|
|
|
正题名:高危时代与人类文明转型
索取号:B824.5/533
 
预约/预借
| 序号 | 登录号 | 条形码 | 馆藏地/架位号 | 状态 | 备注 |
| 1 | 0839416 | 208394165 | 第一样本阅览室/ [索取号:B824.5/533] | 在馆 | |
| 2 | 0839417 | 208394174 | 第一借阅区/ [索取号:B824.5/533] | 在馆 | |
| 3 | 0839418 | 208394183 | 第一借阅区/ [索取号:B824.5/533] | 在馆 |